Statistics for Name Every 2015-16 Toronto Maple Leaf

Click here to take the quiz!

General Stats

  • This quiz has been taken 4 times
  • The average score is 25 of 46

Answer Stats

HintAnswer% Correct
#51Jake Gardiner
100%
#21James Van Riemsdyk
100%
#19Joffrey Lupul
100%
#45Johnathan Bernier
100%
#44Morgan Rielly
100%
#43Nazem Kadri
100%
#42Tyler Bozak
100%
#39William Nylander
100%
#11Zach Hyman
100%
#56Byron Froese
67%
#16Connor Brown
67%
#8Connor Carrick
67%
#3Dion Phaneuf
67%
#31Garret Sparks
67%
#34James Reimer
67%
#32Josh Leivo
67%
#37Kasperi Kapanen
67%
#47Leo Komarov
67%
#15P.A. Parenteau
67%
#48Andrew Campbell
33%
#26Ben Smith
33%
#28Brad Boyes
33%
#49Brendan Leipsic
33%
#23Brooks Laich
33%
#16Brooks Spaling
33%
#38Colin Greening
33%
#26Daniel Winnik
33%
#20Frankie Corrado
33%
#33Frederik Gauthier
33%
#33Mark Acrobello
33%
#52Martin Marincin
33%
#2Matt Hunwick
33%
#40Michael Grabner
33%
#18Milan Michalek
33%
#41Nikita Soshnikov
33%
#24Peter Holland
33%
#25Richard Clune
33%
#29Rinat Valiev
33%
#46Roman Polak
33%
#53Sam Carrick
33%
#36Scott Harrington
33%
#23Shawn Matthias
33%
#50Stuart Percy
33%
#29T.J. Brennan
33%
#46Tobias Lindberg
33%
#55Viktor Loov
33%

Score Distribution

Percentile by Number Answered

Percent of People with Each Score

Your Score History

You have not taken this quiz